Flagi powiatów w Śląskiem - Statystyki

Ogólne statystyki
  • Ten quiz został rozwiązany 28 razy
  • Średni wynik to 19 z 36
Statystyki odpowiedzi
Obrazkowy Odpowiedź % Poprawnych
Bytom
95%
Gliwice
90%
Katowice
90%
Rybnik
90%
Jastrzębie-Zdrój
81%
Bielsko-Biała
76%
Chorzów
71%
Mysłowice
71%
Tychy
71%
Sosnowiec
67%
Jaworzno
62%
Mikołowski
62%
Będziński
52%
Cieszyński
52%
Dąbrowa Górnicza
52%
Siemianowice Śląskie
52%
Zabrze
52%
Częstochowa
48%
Pszczyński
48%
Świętochłowice
48%
Bielski
38%
Częstochowski
38%
Gliwicki
38%
Myszkowski
38%
Raciborski
38%
Tarnogórski
38%
Zawierciański
38%
Żory
38%
Lubliniecki
33%
Rybnicki
33%
Żywiecki
33%
Bieruńsko-lędziński
29%
Kłobucki
29%
Piekary Śląskie
29%
Ruda Śląska
29%
Wodzisławski
29%
Nie znaleziono quizów pasujących do podanych kryteriów
Rozkład punktacji
Procent ludzi z każdym wynikiem
Percentyl według liczby udzielonych odpowiedzi
Twoja historia wyników
Nie rozwiązałeś tego quizu